000 00737nam a22002177a 4500
001 129934
003 ES-SlBCS
005 20260506075618.0
008 260506b ||||| |||| 00| 0 spa d
017 _aBU 49-2026
_bBurgos
020 _a979-13-88067-24-2
040 _aES-SlBCS
_bspa
_dES-SlBCS
100 1 _aSusaeta Montoya, Fernando
_939859
245 1 _a¿Hacia dónde va el pensamiento español del siglo XXI?
_cFernando Susaeta Montoya
260 _aBurgos
_bGrupo Editorial Fonte
_c2026
300 _a317 p.,
_btapa blanda
_c21 cm.
490 0 _a"ESPIRITU-NORTE" Obras para orientar
500 1 _aDonación del Autor
650 0 _aFilosofía
_vAntropología
_xcolapso epistémico
_ySiglo XXI
_zEspaña
_9429567
942 _2lcc
_cBK
999 _c904513
_d904513